Normal view
MARC view
Entry Personal Name
001 - CONTROL NUMBER
- control field: 2584
003 - CONTROL NUMBER IDENTIFIER
- control field: dpl
005 - DATE AND TIME OF LATEST TRANSACTION
- control field: 20100730121353.0
008 - FIXED-LENGTH DATA ELEMENTS
- fixed length control field: 100730|||a|||||| | ||| d
040 ## - CATALOGING SOURCE
- Original cataloging agency: dpl
- Transcribing agency: dpl
100 ## - HEADING--PERSONAL NAME
- Personal name: Pereira, A B De Braganca
670 ## - SOURCE DATA FOUND
- Source citation: Work cat.: (dpl): Pereira, A B De Braganca, Ethnography of Goa, Daman and Diu /, 2008
670 ## - SOURCE DATA FOUND
- Source citation: Work cat.: (dpl): Pereira, A B De Braganca, Ethnography of Goa, Daman and Diu /, 2008
